Desarrollo Industrial

Bibliographic Details
Main Author: Bryce, Murray D
Format: Section = Libro
Language:Undetermined
Spanish
Published: España Ediciones Castilla 1961
Subjects:
LEADER 00459nam a2200181Ia 4500
008 240830s9999 xx 000 0 und d
040 |a CEDOC FIQ-RUSB / 332 B916 
041 |a spa 
082 |a 332 B916 
100 1 |a Bryce, Murray D 
245 1 0 |a Desarrollo Industrial 
260 |a España  |b Ediciones Castilla  |c 1961 
300 |a 294 p. :il 
650 7 |a ECONOMÍA FINANCIERA 
650 7 |b  ECONOMÍA INDUSTRIAL 
942 |c BK  |2 ddc 
991 |a TEXTO 
999 |c 13277